Law in east and west: Festschrift zum 30-jährigen Jubiläum des Instituts für Rechtsvergleichung der Waseda-Universität = Recht in Ost und West
| Corporate Author: | |
|---|---|
| Format: | Print Book |
| Language: | German English French Russian |
| Published: |
Tokyo
Waseda University Press
1988
|
| In: | Year: 1988 |
| Online Access: |
Table of Contents Table of Contents |
| Availability in Tübingen: | Present in Tübingen. UB: KB 19 A 5769 |
| Check availability: | HBZ Gateway |
| Subito Delivery Service: | Order now. |
| Volumes / Articles: | Show volumes/articles. |
| Keywords: |
MARC
| LEADER | 00000cam a2200000 c 4500 | ||
|---|---|---|---|
| 001 | 160657407 | ||
| 003 | DE-627 | ||
| 005 | 20260206201035.0 | ||
| 007 | tu | ||
| 008 | 940903s1988 ja ||||| 00| ||ger c | ||
| 015 | |a 89,A28,0385 |2 dnb | ||
| 016 | 7 | |a 890959749 |2 DE-101 | |
| 020 | |a 4657888315 |c (Pp.) |9 4-657-88831-5 | ||
| 035 | |a (DE-627)160657407 | ||
| 035 | |a (DE-603)01017589X | ||
| 035 | |a (DE-576)017850703 | ||
| 035 | |a (DE-599)GBV160657407 | ||
| 035 | |a (OCoLC)75072687 | ||
| 035 | |a (OCoLC)311102231 | ||
| 035 | |a (OCoLC)75072687 | ||
| 035 | |a (DE-604)8013338889 | ||
| 040 | |a DE-627 |b ger |c DE-627 |e rakwb | ||
| 041 | |a ger |a eng |a fre |a rus | ||
| 044 | |c XB-JP | ||
| 084 | |a 19 |2 sdnb | ||
| 084 | |a PC 4650 |2 rvk |0 (DE-625)rvk/135082: | ||
| 245 | 0 | 0 | |a Law in east and west |b Festschrift zum 30-jährigen Jubiläum des Instituts für Rechtsvergleichung der Waseda-Universität = Recht in Ost und West |c ed. by Inst. of Comparative Law, Waseda Univ. |
| 246 | 3 | 1 | |a Recht in Ost und West |
| 246 | 3 | 3 | |a Recht in Ost und West |
| 264 | 1 | |a Tokyo |b Waseda University Press |c 1988 | |
| 300 | |a XVII, 1062 S |b graph. Darst. |c 24 cm | ||
| 336 | |a Text |b txt |2 rdacontent | ||
| 337 | |a ohne Hilfsmittel zu benutzen |b n |2 rdamedia | ||
| 338 | |a Band |b nc |2 rdacarrier | ||
| 500 | |a Beitr. teilw. dt., teilw. engl., teilw. franz., teilw. russ | ||
| 650 | 0 | 7 | |0 (DE-588)4048737-4 |0 (DE-627)106189719 |0 (DE-576)20907907X |a Recht |2 gnd |
| 655 | 7 | |a Aufsatzsammlung |0 (DE-588)4143413-4 |0 (DE-627)105605727 |0 (DE-576)209726091 |2 gnd-content | |
| 655 | 7 | |a Festschrift |0 (DE-588)4016928-5 |0 (DE-627)104400986 |0 (DE-576)208917802 |2 gnd-content | |
| 689 | 0 | 0 | |d s |0 (DE-588)4048737-4 |0 (DE-627)106189719 |0 (DE-576)20907907X |a Recht |2 gnd |
| 689 | 0 | |5 DE-101 | |
| 689 | 1 | 0 | |d s |0 (DE-588)4048737-4 |0 (DE-627)106189719 |0 (DE-576)20907907X |a Recht |2 gnd |
| 689 | 1 | |5 (DE-627) | |
| 710 | 2 | |a Waseda Daigaku |b Hikakuhō Kenkyūjo |0 (DE-588)14130-6 |0 (DE-627)100427170 |0 (DE-576)190234873 |4 oth | |
| 856 | 4 | 2 | |u https://swbplus.bsz-bw.de/bsz017850703inh.htm |m B:DE-576;DE-B212 |q application/pdf |v 20101028151425 |x Verlag |3 Inhaltsverzeichnis |7 1 |
| 856 | 4 | 2 | |u http://scans.hebis.de/HEBCGI/show.pl?01017589_toc.pdf |m V:DE-576;B:DE-B212 |q application/pdf |3 Inhaltsverzeichnis |7 1 |
| 935 | |i Blocktest | ||
| 936 | r | v | |a PC 4650 |b Für Institutionen |k Rechtswissenschaft |k Allgemeines zum juristischen Studium und zur Rechtswissenschaft |k Festschriften, Sammelwerke |k Für Institutionen |0 (DE-627)1271142260 |0 (DE-625)rvk/135082: |0 (DE-576)201142260 |
| 936 | s | n | |a p100 |2 mzub |
| 951 | |a BO | ||
| ELC | |b 1 | ||
| LOK | |0 000 xxxxxcx a22 zn 4500 | ||
| LOK | |0 001 3322156230 | ||
| LOK | |0 003 DE-627 | ||
| LOK | |0 004 160657407 | ||
| LOK | |0 005 20020518000000 | ||
| LOK | |0 008 970616||||||||||||||||ger||||||| | ||
| LOK | |0 040 |a DE-21 |c DE-627 |d DE-21 | ||
| LOK | |0 852 |a DE-21 | ||
| LOK | |0 852 1 |c KB 19 A 5769 |9 00 | ||
| LOK | |0 935 |a krim | ||
| LOK | |0 936ln |a k2.1 | ||
| LOK | |0 939 |a 16-06-97 |b l01 | ||
| LOK | |0 000 xxxxxcx a22 zn 4500 | ||
| LOK | |0 001 3322156281 | ||
| LOK | |0 003 DE-627 | ||
| LOK | |0 004 160657407 | ||
| LOK | |0 005 20140711123838 | ||
| LOK | |0 008 140711||||||||||||||||ger||||||| | ||
| LOK | |0 040 |a DE-21-110 |c DE-627 |d DE-21-110 | ||
| LOK | |0 852 |z Kein Bestand am IfK; Nachweis für KrimDok | ||
| LOK | |0 852 |a DE-21-110 | ||
| LOK | |0 852 1 |m v |9 00 | ||
| LOK | |0 935 |a k110 | ||
| LOK | |0 938 |k v | ||
| LOK | |0 939 |a 11-07-14 |b l01 | ||
| ORI | |a SA-MARC-krimdoka001.raw | ||
| SIG | |a UB: KB 19 A 5769 | ||
| SPR | |a 1 |t KRI | ||
